000 00285nam a2200109Ia 4500
001 1263954
005 20260417141929.0
008 260417s9999 xx 000 0 und d
020 _a9786256126800
245 0 _aSizi Buraya Ne Getirdi?
_cNursena Balatekin
260 _bKetebe Yayınları
999 _c1263954
_d1263954